La filosofía en sus textos : de Descartes a Dilthey /

Αποθηκεύτηκε σε:
Λεπτομέρειες βιβλιογραφικής εγγραφής
Κύριος συγγραφέας: Marías, Julián (selección)
Μορφή: Βιβλίο
Γλώσσα:Ισπανικά
Θέματα:
Ετικέτες: Προσθήκη ετικέτας
Δεν υπάρχουν, Καταχωρήστε ετικέτα πρώτοι!

MARC

LEADER 00000nam^a2200000^a^4500
001 000164777
005 20250521000000.0
009 20260310100954.192
037 |a Acervo ITESO - Biblioteca 
041 |a ESP 
082 |a 190.  |b MAR V. 2 
100 |a Marías, Julián  |e (selección) 
240 1 4 |a [La filosofía en sus textos] 
245 1 3 |a La filosofía en sus textos :  |b de Descartes a Dilthey /  |c Selec., comentarios e introd. de J. Marías ; tr. por M.G. Morente... [et al.]. 
264 |a Barcelona, España :  |b Labor,  |c 1950 
300 |a p. 931-2196 
336 |a texto  |b txt  |2 rdacontenido 
337 |a sin mediación  |b n  |2 rdamedio 
338 |a volumen  |b nc  |2 rdasoporte 
649 |a XX 
650 |a Filosofía Moderna 
650 |a Filosofía del Siglo XX 
650 |a Filosofía Occidental -  |x Tema Principal 
910 |a Fondo General 
920 |a Impresos - Libros 
930 |a Colección General 
905 |a 101 
901 |a 0500098903  |b IT1  |c ACC  |u 20250521 
902 |a https://opac.biblio.iteso.mx/vufind/Record/000164777